Cyclisme : Champion du monde de vitesse sur piste - Statistiques

Statistiques générales
  • Ce quiz a été pris 3 fois
  • Le résultat moyen est 12 sur 117
Statistiques - réponses
Année Vainqueur % Correct
2009 | 2010 | 2012 | 2015 Grégory Baugé
100%
2008 Chris Hoy
67%
2019 | 2020 | 2021 | +4 others Harrie Lavreysen
67%
2001 Arnaud Tournant
33%
1996 | 1997 | 1998 Florian Rousseau
33%
2014 François Pervis
33%
2004 | 2006 | 2007 Theo Bos
33%
1955 | 1956 | 1959 | +4 others Antonio Maspes
0%
1938 | 1948 | 1953 Arie van Vliet
0%
1989 Claudio Golinelli
0%
1995 Darryn Hill
0%
2017 Denis Dmitriev
0%
1900 Edmond Jacquelin
0%
1907 | 1910 Émile Friol
0%
1925 Ernest Kauffmann
0%
1912 Frank Kramer
0%
1905 Gabriel Poulain
0%
1993 Gary Neiwand
0%
1898 George A Banker
0%
1965 | 1966 | 1968 Giuseppe Beghetto
0%
1970 Gordon Johnson
0%
1904 Iver Lawson
0%
1946 | 1957 Jan Derksen
0%
2000 Jan van Eijden
0%
2011 | 2016 Jason Kenny
0%
1932 | 1933 | 1934 | +4 others Jef Scherens
0%
1975 | 1976 John-Michael Nicholson
0%
1977 | 1978 | 1979 | +7 others Kōichi Nakano
0%
1999 | 2003 Laurent Gané
0%
1971 Leijn Loevesijn
0%
1927 | 1928 | 1929 | 1930 Lucien Michard
0%
1899 Major Taylor
0%
1994 Martin Nothstein
0%
2018 Matthew Glaetzer
0%
1990 | 1992 Michael Hübner
0%
1958 Michel Rousseau
0%
1987 Nobuyuki Tawara
0%
1952 Oscar Plattner
0%
1967 | 1969 Patrick Sercu
0%
1896 Paul Bourrillon
0%
1974 Peder Pedersen
0%
1921 | 1922 | 1923 | +2 others Piet Moeskops
0%
1949 | 1950 | 1951 | 1954 Reginald Harris
0%
2005 René Wolff
0%
1895 Robert Protin
0%
1920 Robert Spears
0%
1972 | 1973 Robert Van Lancker
0%
1963 Sante Gaiardoni
0%
2002 Sean Eadie
0%
2013 Stefan Bötticher
0%
1988 Stephen Pate
0%
1901 | 1902 | 1903 | +3 others Thorvald Ellegaard
0%
1909 Victor Dupré
0%
1913 Walter Rütt
0%
1897 Willy Arend
0%
1931 Willy Falck Hansen
0%
Aucun quiz correspondant
Distribution des résultats
% des personnes avec chaque résultat
Percentile par nombre de réponses
Votre historique - résultats
Vous n’avez pas pris ce quiz